LEADER 00859nam a2200217 i 4500 001 000000195559 003 CaOOAMICUS 005 20101220000000.0 008 101220s1973 it u000 u ita u 013 $a174236 040 $aSeMil$bita 245 10$aMonsignor Pasquale Macchi :$bun sacerdote all'ombra luminosa di Paolo 6. 260 $a[S.l. :$bs.n.],$c1973. 300 $a58 p. :$bill. ;$c21 cm. 500 $aTitolo dalla copertina. 650 4$aMacchi, Pasquale .$0(OLS)http://semarc/subject/16781 850 $aSeMil 852 $aSeMil$W1$xVenegono$y1$m5B XII 6/14$j146128$B146128$CSeMilBibl$Z2$F157628 $81 961 $aOmaggio: Altro 996 $6245$aMonsignor Pasquale Macchi :$bun sacerdote all'ombra luminosa di Paolo 6$9(OLS)http://semarc/title/282183 996 $6260$a[S.l. :$bs.n.]$9(OLS)http://semarc/publisher/29751 LEADER 00626nab a2200181 i 4500 001 000000273241 003 CaOOAMICUS 005 20100617000000.0 008 100617n xx uu u0 0und r 013 $a21425 020 $a978-2-13-057644-0 040 $aSeMil$bita 245 10$aConcepts rhétoriques, raisons topiques. 500 $aAVRIL-JUIN 2010. 700 1 $aMariani Zini, Fosca.$0(OLS)http://semarc/name/84055 773 0 $t[2010].$dParis : PUF, copyr. 2010.$w()187920 996 $6020$a978-2-13-057644-0$9(OLS)http://semarc/number/267553 996 $6245$aConcepts rhétoriques, raisons topiques.$9(OLS)http://semarc/title/360632